Loading...
Arts - Music | 3 | 0 | 0 | 0 | 45 | 17 | 38.00 | 2 | 3 |
Arts - Painting | 2 | 1 | 0 | 0 | 40 | 48 | 62.67 | 2 | 3 |
Arts - Music | 0 | 2 | 0 | 0 | 20 | 70 | 80.50 | 1 | 2 |
Literature - Euro Lit | 1 | 0 | 0 | 0 | 15 | 57 | 57.00 | 0 | 0 |
Literature - American Lit | 1 | 0 | 0 | 0 | 15 | 85 | 85.00 | 0 | 1 |
Other - Pop Culture | 0 | 1 | 0 | 0 | 10 | 110 | 110.00 | 0 | 0 |
Science - Other Science | 0 | 1 | 0 | 0 | 10 | 128 | 128.00 | 0 | 0 |
Other - Other Academic | 0 | 1 | 0 | 0 | 10 | 103 | 103.00 | 0 | 0 |
Arts - Painting | 0 | 1 | 1 | 0 | 5 | 102 | 102.00 | 1 | 1 |
Other - Other Academic | 0 | 0 | 1 | 0 | -5 | 0.00 | 0 | 0 | |
Thought - Philosophy | 0 | 0 | 1 | 0 | -5 | 0.00 | 0 | 0 | |
Beliefs - Religion | 0 | 0 | 1 | 0 | -5 | 0.00 | 0 | 0 |